| 000 | 01961nam a22004694a 4500 | ||
|---|---|---|---|
| 001 | 34992 | ||
| 003 | BD-RjUL | ||
| 005 | 20211209052237.0 | ||
| 008 | 140520s2005 i ||||| |||| 001 0 eng d | ||
| 020 | _a0761934022 (US : hbk.) | ||
| 020 | _a0761934030 (US : pbk.) | ||
| 020 | _a8178295539 (India : hbk.) | ||
| 020 | _a8178295547 (India : pbk.) | ||
| 035 | _a(OCoLC)ocm60776594 | ||
| 035 | _a(BD-RjUL)35086 | ||
| 040 |
_aDLC _cDLC _dOCLCQ _dBWKUK _dBAKER _dUKM _dCOO _dCLU _dBTCTA _dYDXCP _dPUL _dYUS _dOCLCQ _dDLC _dBD-RjUL _beng |
||
| 041 | _aeng | ||
| 082 | 0 | 0 |
_a305.42095 _222 _bSEX 2005 |
| 245 | 0 | 0 |
_aSexuality, gender and rights : _bexploring theory and practice in South and Southeast Asia / _cGeetanjali Misra, Radhika Chandiramani, editors. |
| 260 |
_aNew Delhi ; _aThousand Oaks, Calif. : _bSage Publications, _cc2005. |
||
| 300 |
_a313 p. ; _c23 cm. |
||
| 504 | _aIncludes bibliographical references and index. | ||
| 650 | 0 |
_aSex role _zSouth Asia. _9105829 |
|
| 650 | 0 |
_aSex role _zSoutheast Asia. _9106540 |
|
| 650 | 0 |
_aGender identity _xSocial aspects _zSouth Asia. _9106541 |
|
| 650 | 0 |
_aGender identity _xSocial aspects _zSoutheast Asia. _9106542 |
|
| 650 | 0 |
_aHuman rights _zSouth Asia. _9106543 |
|
| 650 | 0 |
_aHuman rights _zSoutheast Asia. _9106544 |
|
| 650 | 1 | 2 |
_aSexuality _zAsia, Western. _9106545 |
| 650 | 1 | 2 |
_aSexuality _zSoutheast Asia. _9106546 |
| 650 | 2 | 2 |
_aGender Identity _zAsia, Western. _9106547 |
| 650 | 2 | 2 |
_aGender Identity _zSoutheast Asia. _9106548 |
| 650 | 2 | 2 |
_aHuman Rights _zAsia, Western. _9106549 |
| 650 | 2 | 2 |
_aHuman Rights _zSoutheast Asia. _9106550 |
| 700 | 1 |
_aMisra, Geetanjali, _d1963- _9106551 |
|
| 700 | 1 |
_aChandiramani, Radhika, _d1965- _9106552 |
|
| 856 | 4 | 1 |
_3Table of contents _uhttp://www.loc.gov/catdir/toc/ecip0515/2005017292.html |
| 856 | 4 | 2 |
_3Publisher description _uhttp://www.loc.gov/catdir/enhancements/fy0734/2005017292-d.html |
| 942 |
_2ddc _cBK |
||
| 999 |
_c34992 _d34992 |
||